Finish the Movie Title Quiz Stats

 Plays Quiz Updated Oct 27, 2016

     
Support Sporcle.
Go Orange.
Score 0/34 Timer 07:00
0 Plays Today
Start of Title Rest of Title % Correct
Snow White...And the Seven Dwarfs
85.4%
10 Things...I Hate About You
83.8%
The Sisterhood...Of the Traveling Pants
76.4%
Butch Cassidy...And the Sundance Kid
75.1%
Close Encounters...Of the Third Kind
70.5%
Eternal Sunshine...Of the Spotless Mind
70.4%
I Now Pronounce...You Chuck and Larry
69.4%
Honey...I Shrunk the Kids
68.9%
The Good...The Bad and the Ugly
67.1%
I Know...What You Did Last Summer
66.9%
Austin Powers...International Man of Mystery
61%
Lemony Snicket's...A Series of Unfortunate Events
59.2%
Pirates of the Caribbean...The Curse of the Black Pearl
55.1%
The Day...The Earth Stood Still
51.2%
Lock, Stock...And Two Smoking Barrels
50.6%
Mr. Smith...Goes to Washington
49.4%
Seven Brides...For Seven Brothers
47.5%
Start of Title Rest of Title % Correct
Talladega Nights...The Ballad of Ricky Bobby
47.1%
Sweeney Todd...The Demon Barber of Fleet Street
42.3%
Indiana Jones and the...Kingdom of the Crystal Skull
41.6%
Who's Afraid...Of Virginia Woolf?
38.6%
The Postman...Always Rings Twice
35.1%
Sky Captain...And the World of Tomorrow
34.6%
The Treasure...Of the Sierra Madre
26.6%
Dr. Strangelove or...How I Learned to Stop Worrying and Love the Bomb
26.2%
The Englishman Who Went Up a Hill...But Came Down a Mountain
25.3%
Wallace & Gromit: ...The Curse of the Were-Rabbit
25%
The Unbearable...Lightness of Being
23.7%
The Assassination of Jesse James...By the Coward Robert Ford
23.5%
Precious: Based on...The Novel 'Push' by Sapphire
19.5%
Master and Commander...The Far Side of the World
19.1%
Don't Be a Menace to South Central...While Drinking Your Juice in the Hood
18.7%
To Wong Foo...Thanks for Everything, Julie Newmar
16.5%
Borat: Cultural Learnings of America for...Make Benefit Glorious Nation of Kazakhstan
10.1%

From the Vault

Song Titles!

by Hullabaloo

Music 6m
The enthusiasm is just so real. It can only be contained by an exclamation mark.
Remove Ads.
Support Sporcle.
Get the best of Sporcle when you Go Orange. This ad-free experience offers more features, more stats, and more fun while also helping to support Sporcle. Thank you for becoming a member.

Show Comments

Extras

Top Quizzes Today


Score Distribution

Your Account Isn't Verified!

In order to create a playlist on Sporcle, you need to verify the email address you used during registration. Go to your Sporcle Settings to finish the process.

Report this User

Report this user for behavior that violates our Community Guidelines.

Details: